[Event "SVK-chT2C 1213"]
[Site "Slovakia"]
[Date "2013.02.17"]
[Round "9.3"]
[White "Kopera, Michal"]
[Black "Mraz, Martin"]
[Result "1/2-1/2"]
[WhiteElo "2082"]
[BlackElo "1983"]
[PlyCount "43"]
[EventDate "2012.10.13"]
[EventType "team-tourn"]
[EventRounds "11"]
[EventCountry "SVK"]
[SourceTitle "EXT 2015"]
[Source "ChessBase"]
[SourceDate "2014.11.20"]
[SourceVersion "1"]
[SourceVersionDate "2014.11.20"]
[SourceQuality "1"]
[WhiteTeam "Zilina Mladost II"]
[BlackTeam "Liptov Chess School II"]
[WhiteTeamCountry "SVK"]
[BlackTeamCountry "SVK"]

1. e4 e5 2. Nf3 Nc6 3. Bc4 Nf6 4. d3 Be7 5. c3 d6 6. 0-0 Bg4 7. h3 Bh5 8. Re1 0-0 9. Nbd2 Na5 10. Bb5 a6 11. Ba4 b5 12. Bc2 c5 13. Nf1 Re8 14. Ng3 Bg6 15. Bg5 Nd7 16. Bxe7 Qxe7 17. d4 Nb6 18. Qe2 Nac4 19. Bb3 Na5 20. Bc2 Nac4 21. Bb3 Na5 22. Bc2 1/2-1/2

[Event "SVK-chT2C 1112"]
[Site "Slovakia"]
[Date "2012.01.29"]
[Round "9.4"]
[White "Mraz, Martin"]
[Black "Moravcik, Jaroslav"]
[Result "1-0"]
[WhiteElo "1965"]
[BlackElo "2077"]
[PlyCount "35"]
[EventDate "2011.10.08"]
[EventType "team-tourn"]
[EventRounds "11"]
[EventCountry "SVK"]
[SourceTitle "EXT 2013"]
[Source "ChessBase"]
[SourceDate "2012.11.22"]
[SourceVersion "1"]
[SourceVersionDate "2012.11.22"]
[SourceQuality "1"]
[WhiteTeam "Liptov Chess School II"]
[BlackTeam "Podpolanie Detva"]
[WhiteTeamCountry "SVK"]
[BlackTeamCountry "SVK"]

1. e4 c5 2. Nf3 e6 3. d4 cxd4 4. Nxd4 Nf6 5. Nc3 Bb4 6. e5 Nd5 7. Qg4 g6 8. Bd2 Nxc3 9. bxc3 Ba5 10. Nb5 0-0 11. Bg5 Qb6 12. Bf6 Qc5 13. Qf4 Bd8 14. Be2 Bxf6 15. exf6 Kh8 16. 0-0 Nc6 17. Nd6 Qe5 18. Qh6 1-0

[Event "SVK-chT1E 1112"]
[Site "Slovakia"]
[Date "2011.12.11"]
[Round "6.7"]
[White "Mraz, Martin"]
[Black "Kusiak, Matej"]
[Result "1/2-1/2"]
[WhiteElo "1965"]
[BlackElo "2149"]
[PlyCount "108"]
[EventDate "2011.10.15"]
[EventType "team-tourn"]
[EventRounds "11"]
[EventCountry "SVK"]
[SourceTitle "EXT 2013"]
[Source "ChessBase"]
[SourceDate "2012.11.22"]
[SourceVersion "1"]
[SourceVersionDate "2012.11.22"]
[SourceQuality "1"]
[WhiteTeam "Liptov Chess School"]
[BlackTeam "Kosice Slavia"]
[WhiteTeamCountry "SVK"]
[BlackTeamCountry "SVK"]

1. e4 c5 2. Nf3 d6 3. d4 cxd4 4. Nxd4 Nf6 5. Nc3 a6 6. h3 Nc6 7. Bg5 e6 8. Qd2 Bd7 9. 0-0-0 b5 10. Nxc6 Bxc6 11. Qe3 Be7 12. e5 Nd5 13. Nxd5 Bxd5 14. Bxe7 Qxe7 15. exd6 Qxd6 16. Bd3 Qc6 17. f3 0-0 18. Be4 Rac8 19. Rd2 Rfd8 20. Rhd1 Qc4 21. Qb3 Qc5 22. Bxd5 Rxd5 23. Rxd5 exd5 24. Qd3 d4 25. Qe4 f5 26. Qe2 a5 27. Re1 b4 28. g4 fxg4 29. fxg4 h6 30. Qe6+ Kh8 31. Qg6 Qb5 32. Qf5 Qxf5 33. gxf5 Rc5 34. Rd1 Rxf5 35. Rxd4 g5 36. Rd3 Re5 37. c4 bxc3 38. bxc3 Kg7 39. c4 h5 40. Kc2 g4 41. Kc3 Rg5 42. hxg4 hxg4 43. Rg3 Kf6 44. Kd4 Ke6 45. c5 Kd7 46. Ke4 Kc6 47. Kf4 Rxc5 48. Rxg4 Rc2 49. Ke3 Rxa2 50. Kd3 Rb2 51. Kc3 Rb1 52. Rg5 Kb6 53. Kc2 Rb4 54. Kc3 Rb1 1/2-1/2

[Event "SVK-chT2C 1112"]
[Site "Slovakia"]
[Date "2011.12.04"]
[Round "6.4"]
[White "Valuska, Jan"]
[Black "Mraz, Martin"]
[Result "1-0"]
[WhiteElo "2038"]
[BlackElo "1965"]
[PlyCount "63"]
[EventDate "2011.10.08"]
[EventType "team-tourn"]
[EventRounds "11"]
[EventCountry "SVK"]
[SourceTitle "EXT 2013"]
[Source "ChessBase"]
[SourceDate "2012.11.22"]
[SourceVersion "1"]
[SourceVersionDate "2012.11.22"]
[SourceQuality "1"]
[WhiteTeam "Zvolen Slavia"]
[BlackTeam "Liptov Chess School II"]
[WhiteTeamCountry "SVK"]
[BlackTeamCountry "SVK"]

1. f4 d5 2. Nf3 Nf6 3. e3 g6 4. b3 Bg7 5. Bb2 0-0 6. Be2 c5 7. 0-0 Nc6 8. Ne5 Qc7 9. Nc3 a6 10. Nxc6 Qxc6 11. Bf3 e6 12. Ne2 b5 13. c4 bxc4 14. bxc4 Bb7 15. Rc1 Nd7 16. Bxg7 Kxg7 17. Qc2 Qc7 18. Rb1 Rab8 19. Rfc1 dxc4 20. Bxb7 Rxb7 21. Rxb7 Qxb7 22. Qxc4 Qb5 23. Qc3+ Kg8 24. Ng3 Rb8 25. Ne4 Qb2 26. Qc2 Qa3 27. Rb1 Rxb1+ 28. Qxb1 Qb4 29. Qd3 c4 30. Qd4 Qb5 31. Kf2 e5 32. Qxd7 1-0

[Event "SVK-chT2C 1112"]
[Site "Slovakia"]
[Date "2011.11.06"]
[Round "4.7"]
[White "Mraz, Martin"]
[Black "Straka, Jozef"]
[Result "1-0"]
[WhiteElo "1965"]
[BlackElo "1993"]
[PlyCount "79"]
[EventDate "2011.10.08"]
[EventType "team-tourn"]
[EventRounds "11"]
[EventCountry "SVK"]
[SourceTitle "EXT 2013"]
[Source "ChessBase"]
[SourceDate "2012.11.22"]
[SourceVersion "1"]
[SourceVersionDate "2012.11.22"]
[SourceQuality "1"]
[WhiteTeam "Liptov Chess School II"]
[BlackTeam "Cadca II"]
[WhiteTeamCountry "SVK"]
[BlackTeamCountry "SVK"]

1. e4 c5 2. Nf3 d6 3. d4 cxd4 4. Nxd4 Nf6 5. Nc3 a6 6. h3 e5 7. Nde2 Be6 8. g4 Be7 9. Bg2 Nc6 10. Be3 h6 11. Ng3 Rc8 12. Nf5 Bf8 13. Qd2 Qc7 14. 0-0-0 Bxf5 15. gxf5 Na5 16. Bf1 Nc4 17. Bxc4 Qxc4 18. f3 b5 19. Qd3 Be7 20. Rhg1 Kf8 21. Qxc4 Rxc4 22. Nd5 Nxd5 23. Rxd5 f6 24. b3 Rc6 25. Kb2 Kf7 26. Rd2 Rhc8 27. Rgg2 Rc3 28. Rd3 R3c6 29. Kb1 Bf8 30. Bc1 Ke7 31. Bb2 Kd7 32. f4 Kc7 33. fxe5 dxe5 34. Bc1 Rd8 35. Rgd2 Rxd3 36. Rxd3 Kc8 37. Be3 Bc5 38. Rc3 Bxe3 39. Rxc6+ Kb7 40. Re6 1-0

[Event "SVK-chT1E 1112"]
[Site "Slovakia"]
[Date "2011.10.16"]
[Round "2.6"]
[White "Ondo, Radoslav"]
[Black "Mraz, Martin"]
[Result "0-1"]
[WhiteElo "2094"]
[BlackElo "1965"]
[PlyCount "156"]
[EventDate "2011.10.15"]
[EventType "team-tourn"]
[EventRounds "11"]
[EventCountry "SVK"]
[SourceTitle "EXT 2013"]
[Source "ChessBase"]
[SourceDate "2012.11.22"]
[SourceVersion "1"]
[SourceVersionDate "2012.11.22"]
[SourceQuality "1"]
[WhiteTeam "Michalovce Zemplin"]
[BlackTeam "Liptov Chess School"]
[WhiteTeamCountry "SVK"]
[BlackTeamCountry "SVK"]

1. e4 e5 2. c4 Bc5 3. d3 Nc6 4. g3 d6 5. Bg2 Nge7 6. Ne2 Bg4 7. h3 Bh5 8. Nbc3 Nd4 9. g4 Bg6 10. Ng3 c6 11. 0-0 f6 12. Rb1 Ne6 13. b4 Bd4 14. Nce2 0-0 15. Nf5 Bb6 16. Be3 Bf7 17. a4 Nxf5 18. gxf5 Nd4 19. Ng3 Kh8 20. a5 Bc7 21. Ne2 Nxe2+ 22. Qxe2 d5 23. Rfd1 d4 24. Bd2 Qd7 25. h4 Qe8 26. Kh1 Rg8 27. Rg1 Bd6 28. Bf3 Bf8 29. h5 Qd7 30. Rg3 Be8 31. Rbg1 Qf7 32. Qf1 b6 33. a6 b5 34. c5 Qa2 35. Bh6 Bf7 36. Qg2 gxh6 37. Bd1 Rxg3 38. Qxg3 Bg8 39. f4 exf4 40. Qxf4 Qf7 41. Qf2 Qd7 42. Bf3 Bf7 43. Qg2 Rc8 44. Kh2 Qc7+ 45. Kh3 Qf4 46. Be2 Qe3+ 47. Kh2 Qf4+ 48. Kh3 Rc7 49. Bf3 Bb3 50. Qg3 Qxg3+ 51. Rxg3 Bc2 52. Be2 Rg7 53. Rxg7 Kxg7 54. Kg3 Be7 55. Kf2 Bd8 56. Ke1 Bc7 57. Kd2 Bb3 58. Kc1 Bf7 59. Kc2 Be8 60. Kb3 Bd7 61. Kc2 Bc8 62. Kb3 Bxa6 63. Bf3 Bb7 64. Bd1 Kf7 65. Ka3 Ke7 66. Bb3 Bc8 67. Ba2 Bd7 68. Bb3 Be8 69. Bd1 Bf7 70. Be2 a5 71. bxa5 Bxa5 72. Bd1 Kd7 73. Be2 Kc7 74. Bd1 Kb7 75. Be2 Ka6 76. Bd1 Bd8 77. Be2 Ka5 78. Bd1 Be7 0-1

[Event "SVK-ch U18"]
[Site "Sliac"]
[Date "2011.04.01"]
[Round "2"]
[White "Mraz, Martin"]
[Black "Voros, Gellert"]
[Result "0-1"]
[WhiteElo "1874"]
[BlackElo "1856"]
[PlyCount "70"]
[EventDate "2011.03.31"]
[EventType "swiss"]
[EventRounds "9"]
[EventCountry "SVK"]
[SourceTitle "CBM 141 Extra"]
[Source "ChessBase"]
[SourceDate "2011.05.03"]
[SourceVersion "1"]
[SourceVersionDate "2011.05.03"]
[SourceQuality "1"]

1. e4 e5 2. Nf3 Nc6 3. Bb5 a6 4. Ba4 Nf6 5. 0-0 Be7 6. Re1 b5 7. Bb3 0-0 8. c3 d5 9. exd5 Nxd5 10. Nxe5 Nxe5 11. Rxe5 c6 12. d4 Bd6 13. Re1 Qh4 14. g3 Qh3 15. Qf3 Bg4 16. Qg2 Qh5 17. Bxd5 cxd5 18. Be3 Rae8 19. Nd2 Re6 20. f3 Bh3 21. Qf2 Rfe8 22. Nb3 f5 23. Bd2 f4 24. g4 Qg5 25. Nc5 Re3 26. Bxe3 fxe3 27. Qe2 h5 28. Ne4 dxe4 29. Qxe3 Bf4 30. Qe2 hxg4 31. fxe4 g3 32. Qf3 Rf8 33. e5 Be3+ 34. Qxe3 Rf1+ 35. Rxf1 Qxe3+ 0-1

[Event "SVK-chT2C 10/11"]
[Site "Slovakia"]
[Date "2011.03.26"]
[Round "10.6"]
[White "Pechac, Jergus"]
[Black "Mraz, Martin"]
[Result "1/2-1/2"]
[WhiteElo "1885"]
[BlackElo "1874"]
[PlyCount "112"]
[EventDate "2010.10.23"]
[EventType "team-tourn"]
[EventRounds "11"]
[EventCountry "SVK"]
[SourceTitle "EXT 2019"]
[Source "ChessBase"]
[SourceDate "2018.10.10"]
[SourceVersion "1"]
[SourceVersionDate "2018.10.10"]
[SourceQuality "1"]
[WhiteTeam "Zilina Mladost II"]
[BlackTeam "Liptov Chess School II"]
[WhiteTeamCountry "SVK"]
[BlackTeamCountry "SVK"]

1. e4 e5 2. Nf3 Nc6 3. Bb5 a6 4. Ba4 Nf6 5. 0-0 Be7 6. Re1 b5 7. Bb3 d6 8. c3 0-0 9. h3 Na5 10. Bc2 c5 11. d4 Qc7 12. Nbd2 cxd4 13. cxd4 Nc6 14. d5 Nb4 15. Bb1 a5 16. Nf1 Bd7 17. a3 Na6 18. Be3 Rfc8 19. Bd3 Qb7 20. Qd2 Nc5 21. Bxc5 Rxc5 22. Rac1 Rxc1 23. Rxc1 Bd8 24. Qe2 Nh5 25. g3 g6 26. Kg2 Rc8 27. Rxc8 Qxc8 28. Ng1 Qc5 29. Nd2 a4 30. Nb1 Ba5 31. Qc2 Bb6 32. Nf3 Kf8 33. Ne1 Ke7 34. Qxc5 Bxc5 35. Nc2 f5 36. f3 Nf6 37. Nc3 h6 38. Nb4 h5 39. Nc6+ Bxc6 40. dxc6 b4 41. axb4 Bxb4 42. Nd5+ Nxd5 43. exd5 Kd8 44. Bb5 a3 45. bxa3 Bxa3 46. Bd3 Bb4 47. Kf2 Ba5 48. g4 h4 49. Bb5 Kc7 50. Kg2 Kb6 51. Bd3 Kc5 52. gxf5 gxf5 53. Bxf5 Kxd5 54. Bd7 Kc4 55. f4 exf4 56. Kf3 Kc5 1/2-1/2

[Event "SVK-chT1E 1011"]
[Site "Slovakia"]
[Date "2010.12.11"]
[Round "3.8"]
[White "Mraz, Martin"]
[Black "Rajnak, Daniel"]
[Result "1-0"]
[WhiteElo "1874"]
[BlackElo "2207"]
[PlyCount "80"]
[EventDate "2010.11.06"]
[EventType "team-tourn"]
[EventRounds "11"]
[EventCountry "SVK"]
[SourceTitle "EXT 2012"]
[Source "ChessBase"]
[SourceDate "2011.11.24"]
[SourceVersion "1"]
[SourceVersionDate "2011.11.24"]
[SourceQuality "1"]
[WhiteTeam "Liptov Chess School"]
[BlackTeam "Kosice Slavia II"]
[WhiteTeamCountry "SVK"]
[BlackTeamCountry "SVK"]

1. e4 e6 2. d4 d5 3. Nc3 dxe4 4. Nxe4 Nd7 5. Nf3 Ngf6 6. Bg5 Be7 7. Nxf6+ Nxf6 8. Bd3 a6 9. c3 Nd5 10. Bxe7 Qxe7 11. 0-0 c5 12. Re1 cxd4 13. Qa4+ Qd7 14. Qxd4 Nf6 15. Qxd7+ Nxd7 16. Ne5 Nxe5 17. Rxe5 Ke7 18. Ree1 h6 19. Rad1 Rd8 20. Be4 Rb8 21. Kf1 Bd7 22. Ke2 f5 23. Bf3 g5 24. Kf1 g4 25. Be2 Ba4 26. b3 Bc6 27. Bc4 Rxd1 28. Rxd1 Re8 29. Kg1 h5 30. g3 Rc8 31. Re1 Bd7 32. Re3 Kf6 33. Bf1 Bc6 34. c4 h4 35. gxh4 Rh8 36. Rd3 Rxh4 37. Bg2 Bxg2 38. Kxg2 Ke7 39. c5 Rh8 40. b4 Rh7 1-0

[Event "EU-chT U18 10th"]
[Site "Pardubice"]
[Date "2010.07.21"]
[Round "7.3"]
[White "Mraz, Martin"]
[Black "Vlasak, Lukas"]
[Result "0-1"]
[WhiteElo "1888"]
[BlackElo "2260"]
[PlyCount "82"]
[EventDate "2010.07.15"]
[EventType "team-tourn"]
[EventRounds "7"]
[EventCountry "CZE"]
[SourceTitle "EXT 2020"]
[Source "ChessBase"]
[SourceDate "2019.10.17"]
[SourceVersion "1"]
[SourceVersionDate "2019.10.17"]
[SourceQuality "1"]
[WhiteTeam "Slovakia U18"]
[BlackTeam "Czech Republic U18"]
[WhiteTeamCountry "SVK"]
[BlackTeamCountry "CZE"]

1. e4 c5 2. Nf3 e6 3. d4 cxd4 4. Nxd4 a6 5. Bd3 Bc5 6. Nb3 Ba7 7. Qe2 d6 8. Be3 Nc6 9. 0-0 Nf6 10. a4 0-0 11. Nc3 Bxe3 12. Qxe3 e5 13. Bc4 Be6 14. Qe2 Rc8 15. Nd5 Bxd5 16. exd5 Ne7 17. Qd3 Qc7 18. Nd2 Ng6 19. b3 Qd7 20. g3 h6 21. Qf3 Nh7 22. Qh5 Ne7 23. f4 Nf6 24. Qf3 exf4 25. gxf4 Qf5 26. Rad1 Qxc2 27. f5 Qb2 28. Ne4 Nxe4 29. Qxe4 Qf6 30. Rd2 Rfe8 31. Qd3 Kh8 32. Kh1 Rcd8 33. Rg2 Nc8 34. Rfg1 Rg8 35. Re1 Rde8 36. Rge2 Rxe2 37. Rxe2 Ne7 38. Rf2 Ng6 39. Qh3 Ne5 40. Qc3 Rc8 41. Rf4 b5 0-1

[Event "EU-chT U18 10th"]
[Site "Pardubice"]
[Date "2010.07.18"]
[Round "4.4"]
[White "Stegariu, Vlad Ionut"]
[Black "Mraz, Martin"]
[Result "1-0"]
[WhiteElo "2098"]
[BlackElo "1888"]
[PlyCount "120"]
[EventDate "2010.07.15"]
[EventType "team-tourn"]
[EventRounds "7"]
[EventCountry "CZE"]
[SourceTitle "EXT 2020"]
[Source "ChessBase"]
[SourceDate "2019.10.17"]
[SourceVersion "1"]
[SourceVersionDate "2019.10.17"]
[SourceQuality "1"]
[WhiteTeam "Romania U18"]
[BlackTeam "Slovakia U18"]
[WhiteTeamCountry "ROU"]
[BlackTeamCountry "SVK"]

1. d4 d5 2. c4 c6 3. cxd5 cxd5 4. Nc3 Nf6 5. Bf4 Nc6 6. e3 Bf5 7. Rc1 a6 8. f3 e6 9. g4 Bg6 10. Qb3 Na5 11. Qa4+ Nc6 12. h4 h5 13. g5 Nd7 14. Qd1 Rc8 15. Bd3 Bxd3 16. Qxd3 Nb4 17. Qb1 Nb6 18. b3 Bd6 19. Nge2 g6 20. Kf2 0-0 21. Bxd6 Qxd6 22. Nf4 Kg7 23. Nd3 Nxd3+ 24. Qxd3 Qa3 25. Qd2 Rc6 26. Nb1 Qd6 27. Rxc6 Qxc6 28. Rc1 Qd6 29. Kg2 Rc8 30. Rc3 Qb8 31. a4 Rxc3 32. Nxc3 Nc8 33. e4 Ne7 34. Ne2 b5 35. Qb4 Qb7 36. Ng3 Qd7 37. axb5 axb5 38. Qc5 Qb7 39. Qd6 Kg8 40. Qe5 b4 41. Qd6 Kg7 42. Kf2 Kg8 43. Ke3 Kg7 44. Ne2 Kg8 45. Nf4 Kg7 46. Nd3 Kg8 47. Qxb4 Qa7 48. Qc5 Qb7 49. b4 Nc8 50. b5 Nb6 51. Ne5 Qa7 52. Qc6 Nc4+ 53. Nxc4 dxc4 54. Qxc4 Qa3+ 55. Kf4 Qb2 56. Ke5 Qh2+ 57. f4 Qd2 58. b6 Qa5+ 59. Qc5 Qa8 60. Qc7 f5 1-0

[Event "EU-chT U18 10th"]
[Site "Pardubice"]
[Date "2010.07.17"]
[Round "3.1"]
[White "Strzemiecki, Zbigniew"]
[Black "Mraz, Martin"]
[Result "1-0"]
[WhiteElo "2395"]
[BlackElo "1888"]
[PlyCount "57"]
[EventDate "2010.07.15"]
[EventType "team-tourn"]
[EventRounds "7"]
[EventCountry "CZE"]
[SourceTitle "EXT 2020"]
[Source "ChessBase"]
[SourceDate "2019.10.17"]
[SourceVersion "1"]
[SourceVersionDate "2019.10.17"]
[SourceQuality "1"]
[WhiteTeam "Poland U18"]
[BlackTeam "Slovakia U18"]
[WhiteTeamCountry "POL"]
[BlackTeamCountry "SVK"]

1. e4 e5 2. Nf3 Nc6 3. Bb5 a6 4. Bxc6 dxc6 5. 0-0 Qd6 6. Na3 Be6 7. Qe2 f6 8. c3 0-0-0 9. d4 Bg4 10. Nc2 Ne7 11. h3 Bh5 12. Be3 h6 13. Rfd1 Qe6 14. dxe5 Rxd1+ 15. Rxd1 Bxf3 16. Qxf3 fxe5 17. Ne1 g5 18. Nd3 b6 19. Nxe5 Bg7 20. Qg4 Qxg4 21. Nxg4 Ng6 22. f3 Ne5 23. Nxe5 Bxe5 24. Kf2 Rg8 25. Bd4 Re8 26. Bxe5 Rxe5 27. Ke3 Re6 28. g3 Rg6 29. e5 1-0

[Event "EU-chT U18 10th"]
[Site "Pardubice"]
[Date "2010.07.15"]
[Round "1.2"]
[White "Koop, Thorben"]
[Black "Mraz, Martin"]
[Result "0-1"]
[WhiteElo "1880"]
[BlackElo "1888"]
[PlyCount "104"]
[EventDate "2010.07.15"]
[EventType "team-tourn"]
[EventRounds "7"]
[EventCountry "CZE"]
[SourceTitle "EXT 2020"]
[Source "ChessBase"]
[SourceDate "2019.10.17"]
[SourceVersion "1"]
[SourceVersionDate "2019.10.17"]
[SourceQuality "1"]
[WhiteTeam "Germany U18"]
[BlackTeam "Slovakia U18"]
[WhiteTeamCountry "GER"]
[BlackTeamCountry "SVK"]

1. e4 e5 2. Nf3 Nc6 3. Bc4 Nf6 4. d4 exd4 5. 0-0 Nxe4 6. Re1 d5 7. Bxd5 Qxd5 8. Nc3 Qa5 9. Nxe4 Be6 10. Neg5 0-0-0 11. Nxe6 fxe6 12. Rxe6 Bd6 13. Bg5 Rde8 14. Qe2 Kd7 15. Re4 Qf5 16. Re1 Rxe4 17. Qxe4 Qxe4 18. Rxe4 Re8 19. Rxe8 Kxe8 20. Kf1 Kf7 21. Bd2 h6 22. Ke2 Ke6 23. Kd3 Kd5 24. h4 Ne5+ 25. Nxe5 Bxe5 26. b4 a6 27. f4 Bf6 28. h5 b6 29. a4 c5 30. bxc5 bxc5 31. g3 c4+ 32. Ke2 Ke4 33. Be1 Be7 34. Bd2 Bc5 35. g4 Bd6 36. f5 Be7 37. Bc1 Bf6 38. Kf2 Bh4+ 39. Ke2 Be7 40. Bb2 Bf6 41. Bc1 d3+ 42. cxd3+ cxd3+ 43. Kf2 Bc3 44. g5 d2 45. Bxd2 Bxd2 46. f6 Bc3 47. fxg7 Bxg7 48. gxh6 Bxh6 49. a5 Kd4 50. Kf3 Kc4 51. Ke4 Kb5 52. Kd4 Kxa5 0-1

[Event "SVK-ch U18"]
[Site "Ruzomberok"]
[Date "2010.02.25"]
[Round "7"]
[White "Csiba, Dominik"]
[Black "Mraz, Martin"]
[Result "1-0"]
[WhiteElo "2327"]
[BlackElo "1821"]
[PlyCount "87"]
[EventDate "2010.02.21"]
[EventType "swiss"]
[EventRounds "9"]
[EventCountry "SVK"]
[SourceTitle "CBM 135 Extra"]
[Source "ChessBase"]
[SourceDate "2010.05.04"]
[SourceVersion "1"]
[SourceVersionDate "2010.05.04"]
[SourceQuality "1"]

1. Nf3 d5 2. g3 Nf6 3. Bg2 g6 4. 0-0 Bg7 5. d4 0-0 6. Nbd2 Nbd7 7. c3 c6 8. Re1 Re8 9. e4 dxe4 10. Nxe4 Nxe4 11. Rxe4 Nf6 12. Re1 Bf5 13. Qb3 Qb6 14. Ne5 Be6 15. Qc2 Nd7 16. Bf4 Nxe5 17. Bxe5 Bd5 18. Bh3 Bxe5 19. Rxe5 f6 20. Re3 Rad8 21. a3 Qc7 22. Rae1 Bf7 23. Bg2 e6 24. b4 Re7 25. f4 Rde8 26. Qe2 Kf8 27. Be4 Kg7 28. Bc2 Qd6 29. Bb3 Kf8 30. Qg4 Kg7 31. Qh4 Qc7 32. Re4 Bg8 33. Qh3 e5 34. Bxg8 Kxg8 35. dxe5 fxe5 36. Qh4 Qb6+ 37. Kg2 Qd8 38. R4e3 Qd5+ 39. Kh3 e4 40. Qg4 Kg7 41. Qe2 b5 42. Rd1 Qe6+ 43. Kg2 Rd7 44. Rxe4 1-0

[Event "SVK-chT2C 0910"]
[Site "Slovakia"]
[Date "2009.10.11"]
[Round "2.5"]
[White "Mraz, Martin"]
[Black "Bucek, Eduard"]
[Result "0-1"]
[WhiteElo "1821"]
[BlackElo "2018"]
[PlyCount "92"]
[EventDate "2009.10.10"]
[EventType "team-tourn"]
[EventRounds "11"]
[EventCountry "SVK"]
[SourceTitle "EXT 2011"]
[Source "ChessBase"]
[SourceDate "2010.11.26"]
[SourceVersion "1"]
[SourceVersionDate "2010.11.26"]
[SourceQuality "1"]
[WhiteTeam "Liptov Chess School II"]
[BlackTeam "Zilina DMS"]
[WhiteTeamCountry "SVK"]
[BlackTeamCountry "SVK"]

1. e4 g6 2. d4 Bg7 3. Nc3 d6 4. Be3 Nf6 5. Qd2 Ng4 6. Bg5 h6 7. Bh4 Nc6 8. f3 Nf6 9. 0-0-0 0-0 10. g4 e5 11. d5 Ne7 12. g5 hxg5 13. Bxg5 Nh5 14. Nge2 Kh7 15. Ng3 f6 16. Nxh5 gxh5 17. Be3 Ng8 18. Bd3 Bh6 19. Rhg1 Bh3 20. Rg3 Qd7 21. Rdg1 Bxe3 22. Qxe3 h4 23. Rg6 Kh8 24. f4 exf4 25. Qf3 Rf7 26. e5 dxe5 27. Qh5+ Rh7 28. Rxg8+ Rxg8 29. Rxg8+ Kxg8 30. Bxh7+ Qxh7 31. Qe8+ Kg7 32. Qe7+ Kg6 33. Qe8+ Kg5 34. Qf8 Bf5 35. Nd1 Bxc2 36. Nf2 Bf5 37. Qa3 Qd7 38. Qf3 Qa4 39. Qg2+ Kh6 40. Ng4+ Bxg4 41. Qxg4 Qc4+ 42. Kb1 Qf1+ 43. Kc2 Qf2+ 44. Kb3 Qxh2 45. Qf5 Qg3+ 46. Kc4 Qg6 0-1

[Event "EU-chT U18 9th"]
[Site "Pardubice"]
[Date "2009.07.21"]
[Round "6"]
[White "Khalafova, Narmin Ilgar Qizi"]
[Black "Mraz, Martin"]
[Result "1-0"]
[WhiteElo "1901"]
[BlackElo "1813"]
[PlyCount "39"]
[EventDate "2009.07.16"]
[EventType "team-swiss"]
[EventRounds "7"]
[EventCountry "CZE"]
[SourceTitle "EXT 2020"]
[Source "ChessBase"]
[SourceDate "2019.10.17"]
[SourceVersion "1"]
[SourceVersionDate "2019.10.17"]
[SourceQuality "1"]
[WhiteTeam "Azerbaijan U18 II"]
[BlackTeam "Slovakia U18"]
[WhiteTeamCountry "AZE"]
[BlackTeamCountry "SVK"]

1. e4 e5 2. Nf3 Nc6 3. Bb5 a6 4. Ba4 Nf6 5. Qe2 b5 6. Bb3 Bc5 7. c3 d6 8. 0-0 0-0 9. Rd1 Bg4 10. h3 Bd7 11. d4 Bb6 12. dxe5 dxe5 13. Bg5 Qe7 14. Bxf6 gxf6 15. Nh4 Na5 16. Rxd7 Qxd7 17. Bd5 c6 18. Qh5 Kh8 19. Qh6 Bd8 20. Qxf8# 1-0